Countries With Boundaries To Iraq - Statistics

General Stats
  • This quiz has been taken 151 times
  • The average score is 6 of 6
Answer Stats
English Türkçe % Correct
Syria Suriye
99%
Iran İran
98%
Turkey Türkiye
98%
Kuwait Kuveyt
95%
Saudi Arabia Suudi Arabistan
95%
Jordan Ürdün
87%
No matching quizzes found
Score Distribution
Percent of People with Each Score
Percentile by Number Answered
Your Score History
You have not taken this quiz